000 00615cam a22002171 4500
001 sa 68000661
003 DLC
005 20260227112426.0
008 710901r1948 ii b 000 0 eng
010 _asa 68000661
040 _aDLC
_cDLC
_dDLC
043 _aa-ii---
050 0 0 _aLA1151
_b.C52
100 1 _aChattopadhyay, K. P.
_q(Kshitis Prasad),
_d1897-1963.
245 1 0 _aOur education.
250 _a[1st Indian ed.
260 _aCalcutta]
_bNational Council of Education, Bengal
_c[1948]
300 _aiv, 156 p.
_c22 cm.
504 _aBibliographical footnotes.
650 0 _aEducation
_zIndia
_xHistory.
999 _c77373
_d77373